header

Gravitational marketing (Record no. 77315)

MARC details
000 -LEADER
fixed length control field 02058nam a2200397 a 4500
082 04 - DEWEY DECIMAL CLASSIFICATION NUMBER
Classification number 658.8/2
100 1# - MAIN ENTRY--AUTHOR NAME
Personal name Vee, Jimmy,
245 10 - TITLE STATEMENT
Title Gravitational marketing
260 ## - PUBLICATION, DISTRIBUTION, ETC. (IMPRINT)
Place of publication Hoboken, N.J. :
Name of publisher John Wiley & Sons,
Year of publication c2008.
300 ## - PHYSICAL DESCRIPTION
Number of Pages xxxv, 236 p. :
Other physical details ill.
500 ## - GENERAL NOTE
General note Includes index.
505 0# - FORMATTED CONTENTS NOTE
Formatted contents note The laws of gravitational marketing. The power of gravity -- Anatomy of gravitational marketing -- How to be worthy of attraction -- The Newton in all of us -- The object of your attraction -- Increase your gravitational potential -- Creating irresistible attraction -- Gravitational marketing attraction techniques. Activate your gravitational attraction -- Attracting through personal effort -- Attracting through direct mail -- Attracting through print -- Attracting through free publicity -- Attracting through the internet -- Attracting through radio and television -- Epilogue.
650 #0 - SUBJECT ADDED ENTRY--TOPICAL TERM
Topical Term Marketing
Topical Term Marketing
Topical Term Consumers
Topical Term Information behavior.
700 1# - ADDED ENTRY--PERSONAL NAME
Personal name Miller, Travis,
Personal name Bauer, Joel,
856 40 - ELECTRONIC LOCATION AND ACCESS
Uniform Resource Identifier http://site.ebrary.com/lib/rucke/Doc?id=10296357

No items available.

© 2026 Rongo University
Contact us: librarian | system librarian | Rongo university